000 00560nam a2200181Ia 4500
008 151018s9999 xx 000 0 und d
082 _bRBASDV49902
_a370
100 _aराजाराम भादू
245 _aडेविड ऑसवरॉ और
250 _b1
260 _bआधार
_c2007
300 _a136
600 _aराजाराम भादू
630 _aडेविड ऑसवरॉ और
700 _aराजाराम भादू
730 _aडेविड ऑसवरॉ और
942 _cBOOK
999 _c1048899
_d1048896